000 01065nji a22002777a 4500
005 20100921112544.0
006 a|||||r|||||00| 0
007 sd ammalaaahaa
008 100830t xxu||||| |||| 00| 0 eng d
028 _aECLP.5516
_bHis Master's Voice
035 _aGR-07089
040 _aSED
_cSED
100 _917455
_aMukesh
245 _aAnokhi ada /
_csung by Mukesh...[et.al]; music by Naushad
_h[sound recording] :
246 _aअनोखी अदा / मुकेश द्वारा
260 _aDum Dum, India
_bHis Master's Voice
_c1977
300 _a1 sound disc [Gramophone Recording]:
_banalog, 33 1/3 rpm
_c12.5 in. (LP)
_fGramophone Record
500 _aBrief Record
500 _aRecord labels : His Master's Voice, Red
505 _aSide-1 Bhoolne wale yaad na aa (Mukesh) -- Side-2 Kabhi dil dil se (Mukesh)
600 _aMukesh
_920883
650 _aFilm Songs
_zIndia
_91186
_xExcerpts
700 _aNaushad
_920884
942 _2ddc
_cGR
999 _c47159
_d47159